Southville International School and Colleges
Your cart is empty.
  • Cart
  • Lists
    Public lists Eva Luna New books Lux_list list_1
    Your lists Log in to create your own lists
  • Log in to your account
  • Your cookies
  • Search history
Southville International School and Colleges
  • Advanced search
  • Recent comments
  • Most popular
  • Libraries

Log in to your account

Log in with GOOGLE


If you do not have an external account, but do have a local account, you can still log in:

  1. Home
  2. MARC view: Waldo in Dinoland /
Normal view MARC view ISBD view

Waldo in Dinoland / (Record no. 111972)

[ view plain ]
MARC details
000 -LEADER
fixed length control field 00532nam a2200181 a 4500
001 - CONTROL NUMBER
control field 2072
005 - DATE AND TIME OF LATEST TRANSACTION
control field 20140414131925.0
008 - FIXED-LENGTH DATA ELEMENTS--GENERAL INFORMATION
fixed length control field 001109s19uu xx 00 eng d
020 ## - INTERNATIONAL STANDARD BOOK NUMBER
International Standard Book Number 1-883366-13-5
050 ## - LIBRARY OF CONGRESS CALL NUMBER
Classification number ER
Item number W14 1993
100 ## - MAIN ENTRY--PERSONAL NAME
Personal name Handford, Martin
245 ## - TITLE STATEMENT
Title Waldo in Dinoland /
Statement of responsibility, etc Martin Handford : illustration and Story text, Where's Waldo.
260 ## - PUBLICATION, DISTRIBUTION, ETC. (IMPRINT)
Place of publication, distribution, etc Pleasanton, CA :
Name of publisher, distributor, etc Yes Entertainment,
Date of publication, distribution, etc 1993.
300 ## - PHYSICAL DESCRIPTION
Extent 16 p. : ill. ; cm.
650 ## - SUBJECT ADDED ENTRY--TOPICAL TERM
Topical term or geographic name as entry element Dinosaur
General subdivision Land.
650 ## - SUBJECT ADDED ENTRY--TOPICAL TERM
Topical term or geographic name as entry element Dinosaur
General subdivision Stories.
Holdings
Withdrawn status Lost status Damaged status Use restrictions Home library Current library Shelving location Date acquired Source of acquisition Total Checkouts Full call number Barcode Date last seen Price effective from Koha item type
        Munich Library Munich Library Easy Reading Section 05/26/2005     ER W14 1993 M2954 04/14/2014 04/14/2014 Books

Waldo in Dinoland /

APA

Handford M., . (1993). Waldo in Dinoland. Pleasanton, CA: Yes Entertainment.

Chicago

Handford Martin, . 1993. Waldo in Dinoland. Pleasanton, CA: Yes Entertainment.

Harvard

Handford M., . (1993). Waldo in Dinoland. Pleasanton, CA: Yes Entertainment.

MLA

Handford Martin, . Waldo in Dinoland. Pleasanton, CA: Yes Entertainment. 1993.

  • Place hold
  • Print
  • Cite
  • Add to your cart (remove)
  • Save record
    BIBTEX Dublin Core MARCXML MARC (non-Unicode/MARC-8) MARC (Unicode/UTF-8) MARC (Unicode/UTF-8, Standard) MODS (XML) RIS
  • More searches
    Search for this title in:
    Other Libraries (WorldCat) Other Databases (Google Scholar) Online Stores (Bookfinder.com) Open Library (openlibrary.org)

Exporting to Dublin Core...

SOUTHVILLE LIBRARY

Southville International School and Colleges Library

1281 Tropical Ave. Cor. Luxembourg St., BF Homes International, Las Pinas City

Tel. No. 8256374 / 252358 Loc. 117/146

Powered by Koha